Movies Quiz

Random Movies or Clickable Quiz

Horror Movies Taglines Quiz Stats

Quiz Updated Oct 26, 2015

Challenge
Share
Tweet
Embed
Score 0/25 Timer 05:00
36 Plays Today
% Correct
Carrie
92.2%
The Blair Witch Project
92%
Frankenstein
91.6%
Friday the 13th
90.2%
Alien
87.5%
The Descent
79.4%
A Nightmare on Elm Street
72.6%
Dracula
70.7%
Scream
70.5%
Final Destination
65.7%
Saw
64.6%
Rosemary's Baby
62.5%
Ring
58.7%
% Correct
Night of the Living Dead
58.1%
The Shining
54.3%
Halloween
51.9%
The Texas Chainsaw Massacre
45.1%
Jaws
39.4%
Poltergeist
38.9%
Psycho
34.8%
Invasion of the Body Snatchers
30.3%
The Omen
27.3%
Insidious
26.3%
Sinister
23%
The Exorcist
18.9%

You're not logged in!

Compare scores with friends on all Sporcle quizzes.
Sign Up with Email
OR
Log In

You Might Also Like...

Show Comments

Extras

Top Quizzes Today


Score Distribution

Your Account Isn't Verified!

In order to create a playlist on Sporcle, you need to verify the email address you used during registration. Go to your Sporcle Settings to finish the process.